000
00280nam a22001337a 4500
008
210507b ||||| |||| 00| 0 eng d
041
_a
eng
080
_a
316
082
_a
316
100
_a
50
101
_a
SOC
245
_a
Primitive Rebels
_c
E.J. Hobsbawm
942
_2
udc
_c
BK
999
_c
57135
_d
57135